000 00960ngm a22003250a 4500
001 PT15543
003 AR-LpoUNG
005 20210202000159.0
007 vd cvaizq
008 191001s1977||||ag |||||||||||||||||ita d
037 _c$6.60
040 _aAR-LpoUNG
_bspa
_cAR-LpoUNG
_eaacr
041 _aita
_aspa
044 _aag
082 0 _a945.092 595mon
100 1 _aRisi, Dino
_edir.
245 1 4 _aLos monstruos
260 _aBuenos Aires :
_bRenacimiento Video Comunicación,
_c[1977].
300 _aVHS (87 min.) : son., byn
505 0 _aProducción: Mario Cecchi Gori ; argumentación: Agenore Incrocci.
520 _aEl humor cáustico, el humor negro de la comedia italiana, aquí se burlan de la idiosincrasia italiana y de diversos estratos sociales.
650 4 _aARTE
650 4 _aASPECTOS POLITICOS
650 4 _aCULTURA
650 4 _aITALIA
650 4 _aSOCIEDAD
653 _aVIDEOS
905 _a15543
942 _cVIDEO
999 _c54272
_d54272